000 01713nam a2200229Ia 4500
008 260220t1972||||xx |||||||||||||| ||spa||
040 _aPY-SlUNAC
_bspa
_erda
041 _aspa
082 _a541.382
_bM319m
245 0 _aManual de controles radio farmacéuticos
264 _aBuenos Aires :
_bCentro Nacional de Energía Atómica,
_c℗1972.
300 _a1 volumen
520 _aEl "Manual de controles radio farmacéuticos", publicado por el Centro Nacional de Energía Atómica en Buenos Aires en 1972, es una obra fundamental que aborda las prácticas y normativas relacionadas con el uso de radiofármacos en la medicina. Este manual proporciona una guía exhaustiva sobre los procedimientos de control de calidad, asegurando la seguridad y eficacia de los radiofármacos utilizados en diagnósticos y tratamientos médicos. Se detallan los métodos de análisis requeridos para evaluar la pureza, actividad y estabilidad de estos compuestos, así como las normativas de seguridad radiológica que deben seguirse para proteger tanto a los pacientes como al personal médico. Además, el texto enfatiza la importancia de la formación continua de los profesionales en el manejo de radioisótopos y su aplicación clínica. En conjunto, este manual se erige como un recurso esencial para garantizar la correcta utilización de los radiofármacos, promoviendo así una práctica médica segura y efectiva en el ámbito de la medicina nuclear.
653 _aControles de calidad
653 _aRadiación
653 _aRadiofármacos
942 _b2026/02/17
_cBK
999 _c7889
_d7889